Score 0/44 Timer 04:00
2 Plays Today
Hint Word % Correct
2 letter words•On•
98%
2 letter wordsI'm
98%
2 letter wordsET
95.7%
2 letter wordsAl
95%
3 letter wordsRat
93.6%
2 letter wordsEl
92.1%
4 letter wordsTeen
91.4%
2 letter wordsIn
90.7%
2 letter wordsIt
89.2%
3 letter wordsCat
87.7%
2 letter wordsEm
86.3%
2 letter wordsAd
86.1%
3 letter wordsSon
86%
3 letter wordsRot
86%
4 letter wordsBart
85.3%
4 letter wordsBarn
84.5%
4 letter wordsPort
84.5%
3 letter wordsSay
84%
2 letter wordsId
83%
4 letter wordsPart
82.7%
4 letter words•West•
81.2%
3 letter wordsCap
80.5%
Hint Word % Correct
3 letter wordsSap
79.3%
2 letter wordsER
77.8%
3 letter words•The•
77.8%
3 letter wordsSot
77.5%
4 letter wordsPost
76.8%
4 letter wordsPest
74.9%
4 letter wordsBern
73.4%
4 letter wordsThen
72.5%
4 letter wordsTern
71.5%
5 letter wordsClass
67.7%
5 letter wordsWrest
67.6%
3 letter wordsThy
65.3%
5 letter wordsChess
64.8%
3 letter wordsShy
64.5%
5 letter wordsChest
63%
5 letter wordsCrest
62.7%
5 letter wordsCrass
50.2%
5 letter words•Coast•
49.8%
5 letter wordsBoast
48.8%
5 letter wordsCress
47.9%
5 letter wordsBlast
46.1%
5 letter wordsClast
42%

Today's Daily Dose

Missing Word
I Hardly Know Her!

Word Ladder
Sentence Ending

Quick Pick
Female Firsts

Get the Picture
Triathlon Sports

Remove Ads.
Support Sporcle.
Get the best of Sporcle when you Go Orange. This ad-free experience offers more features, more stats, and more fun while also helping to support Sporcle. Thank you for becoming a member.

You're not logged in!

Compare scores with friends on all Sporcle quizzes.
OR
Log In

Show Comments

Extras

Top Quizzes Today


Score Distribution

Your Account Isn't Verified!

In order to create a playlist on Sporcle, you need to verify the email address you used during registration. Go to your Sporcle Settings to finish the process.

Report this User

Report this user for behavior that violates our Community Guidelines.

Details: